| Tag |
First Indicator |
Second Indicator |
Subfields |
| LEADER |
00000cam a2200000 i 4500 |
| 001 |
in00004366721 |
| 005 |
20220105155145.0 |
| 006 |
m do | | |
| 007 |
cr ||||||||||| |
| 008 |
201130t20212021nyu ob 001 0 eng |
| 010 |
|
|
|a 2020048068
|
| 020 |
|
|
|a 9780429347283
|q electronic book
|
| 020 |
|
|
|a 0429347286
|q electronic book
|
| 020 |
|
|
|a 9781000373097
|q electronic book
|
| 020 |
|
|
|a 1000373096
|q electronic book
|
| 020 |
|
|
|a 9781000373035
|q electronic book
|
| 020 |
|
|
|a 1000373037
|q electronic book
|
| 020 |
|
|
|z 9780367366148
|q hardcover
|
| 020 |
|
|
|z 9780367366155
|q paperback
|
| 024 |
8 |
|
|a 40030677730
|
| 035 |
|
|
|a (DLC)ybp17012265
|
| 037 |
|
|
|a 9781000373097
|b Ingram Content Group
|
| 037 |
|
|
|a 9780429347283
|b Taylor & Francis
|
| 040 |
|
|
|a NhCcYBP
|c NhCcYBP
|d UtOrBLW
|
| 042 |
|
|
|a pcc
|
| 050 |
|
4 |
|a H62
|b .C3417 2021
|
| 072 |
|
7 |
|a PSY
|x 000000
|2 bisacsh
|
| 072 |
|
7 |
|a PSVP
|2 bicssc
|
| 082 |
0 |
0 |
|a 304.2/7023
|2 23
|
| 245 |
0 |
0 |
|a Career paths in human-animal interaction for social and behavioral scientists /
|c edited by Lori R. Kogan and Phyllis Erdman.
|
| 264 |
|
1 |
|a New York, NY :
|b Routledge,
|c 2021.
|
| 264 |
|
4 |
|c ©2021
|
| 300 |
|
|
|a 1 online resource.
|
| 336 |
|
|
|a text
|b txt
|2 rdacontent
|
| 337 |
|
|
|a computer
|b c
|2 rdamedia
|
| 338 |
|
|
|a online resource
|b cr
|2 rdacarrier
|
| 504 |
|
|
|a Includes bibliographical references and index.
|
| 545 |
0 |
|
|a Lori R. Kogan, PhD, is Professor of Clinical Sciences at Colorado State University, USA. She is the Chair of the Human-Animal Interaction section of the American Psychological Association and Editor of the Human-Animal Interaction Bulletin, an open-access, online publication supported by the American Psychological Association. Phyllis Erdman, PhD,is a professor of counseling at Washington State University and is a licensed mental health counselor, and past chair of the Human-Animal Interaction section of Division 17 of the American Psychological Association. She has been working in the field of human-animal interaction for over ten years, including assessment of equine therapeutic interventions, pet grief, and documenting the need for emotional support animals.
|
| 588 |
|
|
|a Description based on online resource; title from digital title page (viewed on August 05, 2021).
|
| 500 |
|
|
|a Electronic resource.
|
| 650 |
|
0 |
|a Social scientists
|x Vocational guidance.
|
| 650 |
|
0 |
|a Human-animal relationships.
|0 http://id.loc.gov/authorities/subjects/sh85062838
|
| 655 |
|
7 |
|a Electronic books.
|2 local
|
| 700 |
1 |
|
|a Kogan, Lori,
|e editor.
|0 http://id.loc.gov/authorities/names/n2019023378
|
| 700 |
1 |
|
|a Erdman, Phyllis,
|d 1949-
|e editor.
|0 http://id.loc.gov/authorities/names/n2002017785
|
| 710 |
2 |
|
|a Taylor & Francis.
|0 http://id.loc.gov/authorities/names/n84073022
|
| 776 |
1 |
8 |
|i Print version:
|t Career paths in human-animal interaction for social and behavioral scientists
|d New York, NY : Routledge, 2021.
|z 9780367366148
|w (DLC) 2020048067
|
| 856 |
4 |
0 |
|u http://proxy.library.tamu.edu/login?url=https://www.taylorfrancis.com/books/9780429347283
|z Connect to the full text of this electronic book
|t 0
|
| 945 |
|
|
|b 995817
|
| 955 |
|
|
|a YBP purchased approval e-records
|
| 980 |
|
|
|b ebook
|c 40030677730
|f NONFIC/B
|g 565751
|k USD
|m 180.00
|q 1
|s AcqMono Conventional
|t Approval plan
|u Vendor order reference number
|v ZYBP
|y E-approvals
|z Electronic resource
|
| 999 |
f |
f |
|s 02125860-c028-334a-aaa4-b4e354af83d4
|i a64a4af5-8ba8-3295-861c-b6d9efe49522
|t 0
|
| 952 |
f |
f |
|a Texas A&M University
|b College Station
|c Electronic Resources
|d Available Online
|t 0
|e H62 .C3417 2021
|h Library of Congress classification
|
| 998 |
f |
f |
|a H62 .C3417 2021
|t 0
|l Available Online
|